[Event "Frankfurt Ch A 2015"]
[Site "Ffm-Höchst, BiKuZ"]
[Date "2015.06.08"]
[Round "6.20"]
[White "Breitwieser, Jasmin"]
[Black "Stricker, Konstantin"]
[Result "1-0"]
[WhiteElo "1925"]
[BlackElo "1666"]
[PlyCount "41"]
[EventDate "2015.??.??"]
[WhiteTeam "SF Frankfurt"]
[BlackTeam "SC Eschbach"]

1. d4 Nf6 2. c4 e6 3. Nc3 d5 4. cxd5 Nxd5 5. e4 Nf6 6. Bc4 c6 7. Nf3 Bb4 8. Qe2
O-O 9. O-O h6 10. Bf4 b6 11. Rfd1 Bb7 12. Rac1 Nbd7 13. a3 Be7 14. Ba2 Nh5 15.
Be3 Nhf6 16. Ne5 Nxe5 17. dxe5 Nd7 18. Qg4 Bg5 19. f4 Be7 20. Bxe6 fxe6 21.
Qxe6+ 1-0

[Event "Frankfurt Ch A 2015"]
[Site "Ffm-Höchst, BiKuZ"]
[Date "2015.06.08"]
[Round "6.21"]
[White "Hochmuth, Christian"]
[Black "Kuhn, Gerhard"]
[Result "1/2-1/2"]
[WhiteElo "1795"]
[BlackElo "1912"]
[PlyCount "41"]
[EventDate "2015.??.??"]
[WhiteTeam "SG Wächtersbach"]
[BlackTeam "SK Marburg"]

1. e4 c6 2. d4 d5 3. exd5 cxd5 4. Bd3 Nc6 5. c3 Nf6 6. Bf4 Bg4 7. Qb3 Qc8 8.
Nd2 e6 9. Ngf3 Be7 10. O-O O-O 11. Ne5 Bh5 12. Rac1 Nxe5 13. Bxe5 Bg6 14. Qc2
a6 15. f4 Bxd3 16. Qxd3 Qd7 17. f5 Rad8 18. fxe6 fxe6 19. Qh3 Rde8 20. Bxf6
Rxf6 21. Rxf6 1/2-1/2

[Event "Frankfurt Ch A 2015"]
[Site "Ffm-Höchst, BiKuZ"]
[Date "2015.06.08"]
[Round "6.22"]
[White "Hinz, André"]
[Black "Kretner, Georg-Ulrich"]
[Result "0-1"]
[WhiteElo "1690"]
[BlackElo "1874"]
[PlyCount "78"]
[EventDate "2015.??.??"]
[WhiteTeam "VfB Lettin"]
[BlackTeam "SC Bad Nauheim"]

1. c4 g6 2. g3 Bg7 3. Bg2 Nf6 4. d3 c6 5. Nc3 O-O 6. e4 d6 7. Nge2 a5 8. O-O
Na6 9. a3 Rb8 10. Rb1 b5 11. e5 dxe5 12. Bxc6 b4 13. axb4 Nxb4 14. Be4 Bh3 15.
Re1 Ng4 16. Be3 Nxe3 17. fxe3 Qb6 18. d4 Rfd8 19. c5 Qa7 20. Na4 Bg4 21. d5 Bh6
22. Kf2 f5 23. Bg2 e4 24. Nb6 Nd3+ 25. Kf1 Nxc5 26. Nc4 Nd3 27. h3 Bxe2+ 28.
Rxe2 Qc7 29. Qa4 Rb4 30. Qxa5 Rxc4 31. Qd2 Rc8 32. Rd1 Qxg3 33. d6 exd6 34.
Qxd3 exd3 35. Bd5+ Kg7 36. Rg2 Qxe3 37. Bxc4 Rxc4 38. Re1 Rf4+ 39. Rf2 Qxf2#
0-1

[Event "Frankfurt Ch A 2015"]
[Site "Ffm-Höchst, BiKuZ"]
[Date "2015.06.08"]
[Round "6.23"]
[White "Lemonidis, Christos"]
[Black "Winand, Edgar"]
[Result "0-1"]
[WhiteElo "1686"]
[BlackElo "1867"]
[PlyCount "98"]
[EventDate "2015.??.??"]
[WhiteTeam "SC Nied"]
[BlackTeam "SC Flörsheim"]

1. e4 g5 2. d4 Bg7 3. Bxg5 c5 4. Be3 Nc6 5. Ne2 Qb6 6. Bc1 cxd4 7. g3 Ne5 8.
Bg2 Nc4 9. Nd2 Nxb2 10. Bxb2 Qxb2 11. Nb3 e5 12. a4 b6 13. a5 bxa5 14. Rxa5 Ne7
15. O-O Nc6 16. Ra4 a5 17. Qc1 Qxc1 18. Rxc1 Ba6 19. Bf1 Bb5 20. Ra2 Bc4 21.
Nexd4 Nb4 22. Rxa5 Rxa5 23. Nxa5 Bxf1 24. Nf5 Bh3 25. Nxg7+ Ke7 26. Nc4 Rg8 27.
Nf5+ Bxf5 28. exf5 f6 29. Ne3 Rc8 30. Kg2 Rc5 31. Kf3 d5 32. Rb1 Nxc2 33. Rb7+
Kd6 34. Rb6+ Ke7 35. Rb7+ Kf8 36. Rb8+ Kg7 37. Rb7+ Kh6 38. Ng4+ Kg5 39. h4+
Kxf5 40. Nh6+ Kg6 41. Ng8 Nd4+ 42. Kg4 h5+ 43. Kh3 Kf5 44. Rb6 Rb5 45. Rxf6+
Ke4 46. Rh6 Nf3 47. Rxh5 Rb6 48. Nh6 d4 49. Ng4 Re6 0-1

[Event "Frankfurt Ch A 2015"]
[Site "Ffm-Höchst, BiKuZ"]
[Date "2015.06.08"]
[Round "6.24"]
[White "Leibold, Mathias"]
[Black "Marzahn, Heiko"]
[Result "0-1"]
[WhiteElo "1616"]
[BlackElo "2025"]
[PlyCount "60"]
[EventDate "2015.??.??"]
[WhiteTeam "SV Fechenheim"]
[BlackTeam "Sfr. Erbach"]

1. e4 d5 2. exd5 Nf6 3. Nc3 Nxd5 4. Nxd5 Qxd5 5. c4 Qa5 6. Nf3 e5 7. Be2 e4 8.
Nd4 Qe5 9. Nc2 Nc6 10. O-O Bd6 11. g3 Bh3 12. Re1 O-O-O 13. Bg4+ Bxg4 14. Qxg4+
f5 15. Qe2 Qf6 16. a3 Ne5 17. Kg2 Nd3 18. Ra2 Nxe1+ 19. Qxe1 h5 20. Ne3 h4 21.
Nd5 Qd4 22. b3 hxg3 23. fxg3 c6 24. Qe3 Qxe3 25. Nxe3 f4 26. gxf4 Bxf4 27. Nf1
Rd6 28. Bb2 Bxh2 29. Nxh2 Rxd2+ 30. Kg3 Rhxh2 0-1

[Event "Frankfurt Ch A 2015"]
[Site "Ffm-Höchst, BiKuZ"]
[Date "2015.06.08"]
[Round "6.25"]
[White "Orlinski, Wolfgang"]
[Black "Diehl, Stefan"]
[Result "1-0"]
[WhiteElo "2004"]
[BlackElo "1739"]
[PlyCount "45"]
[EventDate "2015.??.??"]
[WhiteTeam "SF Frankfurt"]
[BlackTeam "SC Höchst"]

1. c4 Nf6 2. Nc3 g6 3. g3 Bg7 4. Bg2 c6 5. e4 e5 6. d3 O-O 7. Nge2 d6 8. O-O
Ne8 9. h3 f5 10. f4 Na6 11. Rb1 Nf6 12. b4 Nh5 13. exf5 exf4 14. fxg6 hxg6 15.
g4 Bxc3 16. Nxc3 Ng7 17. Bxf4 g5 18. Be3 Rxf1+ 19. Qxf1 Nc7 20. Ne4 Nce6 21.
Qf2 Qe7 22. Qf6 Qxf6 23. Nxf6+ 1-0

[Event "Frankfurt Ch A 2015"]
[Site "Ffm-Höchst, BiKuZ"]
[Date "2015.06.08"]
[Round "6.26"]
[White "Benikhis, Avram"]
[Black "Schmitt, Hans Walter"]
[Result "1/2-1/2"]
[WhiteElo "1724"]
[BlackElo "1917"]
[PlyCount "38"]
[EventDate "2015.??.??"]
[WhiteTeam "SC Eschbach"]
[BlackTeam "SC Bad Soden"]

1. d4 Nf6 2. c4 c5 3. d5 b5 4. b3 g6 5. Qc2 Bg7 6. Bb2 d6 7. Nd2 Nbd7 8. Ngf3
Rb8 9. Rb1 O-O 10. e4 a6 11. Bd3 e5 12. dxe6 fxe6 13. O-O e5 14. cxb5 axb5 15.
a4 bxa4 16. Bc4+ Kh8 17. Ng5 Qe7 18. Ne6 axb3 19. Nxb3 Re8 1/2-1/2

[Event "Frankfurt Ch A 2015"]
[Site "Ffm-Höchst, BiKuZ"]
[Date "2015.06.08"]
[Round "6.27"]
[White "Larem, Peter"]
[Black "Kalepky, Helmut"]
[Result "0-1"]
[WhiteElo "1737"]
[BlackElo "1872"]
[PlyCount "57"]
[EventDate "2015.??.??"]
[WhiteTeam "SG Rödermark"]
[BlackTeam "SF Heidesheim"]

1. e4 d6 2. d4 g6 3. Nc3 Bg7 4. Nf3 Nf6 5. Be2 O-O 6. O-O c5 7. dxc5 dxc5 8.
Be3 Qa5 9. Nd2 Nbd7 10. f4 e6 11. e5 Ne8 12. Nb3 Qc7 13. Nb5 Qb6 14. a4 Nc7 15.
Nc3 Na6 16. Ne4 Rd8 17. Qe1 Bf8 18. Rd1 Be7 19. Nd6 Nb4 20. Qf2 Nxc2 21. Nxc5
Nxe3 22. Qxe3 Qxc5 23. Qxc5 Nxc5 24. Rc1 Bxd6 25. exd6 b6 26. b4 Nb7 27. Bf3
Rb8 28. Rc7 a5 29. Rfc1 $138 0-1

[Event "Frankfurt Ch A 2015"]
[Site "Ffm-Höchst, BiKuZ"]
[Date "2015.06.08"]
[Round "6.28"]
[White "Krischak, Werner"]
[Black "Fröhlich-Dill, Astrid"]
[Result "1/2-1/2"]
[WhiteElo "1681"]
[BlackElo "1861"]
[PlyCount "118"]
[EventDate "2015.??.??"]
[WhiteTeam "SK Marburg"]
[BlackTeam "SV Hofheim"]

1. d4 Nf6 2. c4 e6 3. Nc3 Bb4 4. Qc2 c5 5. dxc5 Qa5 6. Bd2 Qxc5 7. e3 Nc6 8. a3
Bxc3 9. Bxc3 a5 10. Nf3 e5 11. Bd3 h6 12. O-O O-O 13. b4 Qe7 14. b5 e4 15. Bxf6
Qxf6 16. Bxe4 Ne7 17. Rad1 d6 18. Rd2 Bf5 19. Nd4 Bxe4 20. Qxe4 Rab8 21. Rfd1
Rfe8 22. Qf3 Qe5 23. a4 Qc5 24. Qe2 Rec8 25. Nf3 Qxc4 26. Qxc4 Rxc4 27. Rd4
Rxd4 28. Nxd4 Rc8 29. Kf1 d5 30. Nb3 b6 31. Rc1 Rc4 32. Rxc4 dxc4 33. Nc1 Nd5
34. Na2 Kf8 35. e4 Nf6 36. f3 Ke7 37. Ke2 Kd6 38. Kd2 Kc5 39. Kc3 g5 40. Nc1
Nd7 41. Ne2 Ne5 42. f4 Ng4 43. h3 Nf2 44. e5 Ne4+ 45. Kc2 Kb4 46. f5 Nc5 47.
Nc3 Nd7 48. e6 fxe6 49. fxe6 Nf6 50. e7 Ne8 51. g4 Kc5 52. Na2 Kd6 53. Kc3 Kxe7
54. Kxc4 Ke6 55. Kd4 Nf6 56. Nc3 Nd7 57. Ne4 Ne5 58. Nd2 Kd6 59. Ne4+ Ke6
1/2-1/2

[Event "Frankfurt Ch A 2015"]
[Site "Ffm-Höchst, BiKuZ"]
[Date "2015.06.08"]
[Round "6.29"]
[White "Zerhusen, Martin"]
[Black "Kulenovic, Adnan"]
[Result "0-1"]
[WhiteElo "1596"]
[BlackElo "1853"]
[PlyCount "51"]
[EventDate "2015.??.??"]
[WhiteTeam "SV Oberursel"]
[BlackTeam "SC Rodenbach"]

1. d4 e5 2. dxe5 Nc6 3. Nf3 Qe7 4. e3 Nxe5 5. Be2 Nf6 6. O-O g6 7. Nbd2 Bg7 8.
Nxe5 Qxe5 9. Nf3 Qe7 10. c4 O-O 11. Qc2 d6 12. Rd1 Bf5 13. Bd3 Bg4 14. Be2 Rad8
15. h3 Bf5 16. Bd3 Bxd3 17. Rxd3 Ne4 18. Rb1 f5 19. b3 g5 20. Bb2 g4 21. Nd4
gxh3 22. g3 h5 23. Kh2 h4 24. Kxh3 hxg3 25. fxg3 Qg5 26. Qg2 0-1

[Event "Frankfurt Ch A 2015"]
[Site "Ffm-Höchst, BiKuZ"]
[Date "2015.06.08"]
[Round "6.30"]
[White "Dreis, Volker"]
[Black "Rauscher, Joachim"]
[Result "1/2-1/2"]
[WhiteElo "1847"]
[BlackElo "1714"]
[PlyCount "102"]
[EventDate "2015.??.??"]
[WhiteTeam "SV Frankfurt Nord"]
[BlackTeam "SC Brett vorm Kopp"]

1. e4 c5 2. Nf3 d6 3. d4 cxd4 4. Nxd4 Nf6 5. Nc3 g6 6. f3 Bg7 7. Be3 O-O 8. Qd2
Nc6 9. g4 Nxd4 10. Bxd4 Be6 11. O-O-O Qa5 12. Kb1 Rfc8 13. Bxf6 Rxc3 14. Qxc3
Qxa2+ 15. Kc1 Bxf6 16. Qa3 Bg5+ 17. Rd2 Qxa3 18. bxa3 Rc8 19. Kd1 Bxd2 20. Kxd2
Rc5 21. Bd3 Kg7 22. h4 Bc4 23. Rb1 b6 24. Rb4 Bxd3 25. Kxd3 h6 26. Rc4 Ra5 27.
a4 Kf6 28. Kd4 Ke6 29. f4 f5 30. exf5+ gxf5 31. g5 hxg5 32. hxg5 Kf7 33. Ke3 a6
34. Rb4 b5 35. axb5 axb5 36. Kd4 Ra4 37. Rxa4 bxa4 38. c4 e5+ 39. fxe5 dxe5+
40. Kc3 f4 41. c5 f3 42. Kd2 a3 43. c6 a2 44. c7 a1=Q 45. c8=Q Qd4+ 46. Kc2
Qa4+ 47. Kd3 Qd1+ 48. Ke4 Qe2+ 49. Kf5 Qd3+ 50. Kxe5 Qe3+ 51. Kf5 Qd3+ 1/2-1/2

[Event "Frankfurt Ch A 2015"]
[Site "Ffm-Höchst, BiKuZ"]
[Date "2015.06.08"]
[Round "6.31"]
[White "Heun, Andreas"]
[Black "Zimmer, Gerald"]
[Result "0-1"]
[WhiteElo "1571"]
[BlackElo "1819"]
[PlyCount "58"]
[EventDate "2015.??.??"]
[WhiteTeam "SC Ladja Roßdorf"]
[BlackTeam "SC Bergen-Enkheim"]

1. a3 g6 2. d4 Bg7 3. Nf3 Nf6 4. e3 d5 5. c4 c6 6. Nc3 a5 7. c5 Nbd7 8. Be2 O-O
9. O-O Re8 10. Ne5 Nxe5 11. dxe5 Nd7 12. Na4 Bxe5 13. f4 Bg7 14. f5 b5 15. fxg6
hxg6 16. Nc3 Nxc5 17. h4 Bf5 18. h5 Ne4 19. Qe1 Qd6 20. Nxe4 Bxe4 21. Qh4 Bf6
22. Qf2 Kg7 23. g4 Qe6 24. Qg3 Qe5 25. Rf4 Rh8 26. Kf2 Rag8 27. g5 Qxg5 28. Rg4
Qxh5 29. Bd2 Qh2+ 0-1

[Event "Frankfurt Ch A 2015"]
[Site "Ffm-Höchst, BiKuZ"]
[Date "2015.06.08"]
[Round "6.32"]
[White "Makilla, Tobias"]
[Black "Falkenhainer, Sven"]
[Result "1-0"]
[WhiteElo "1767"]
[BlackElo "1605"]
[PlyCount "61"]
[EventDate "2015.??.??"]
[WhiteTeam "SC Hattersheim"]
[BlackTeam "SC Bergen-Enkheim"]

1. e4 e6 2. d4 d5 3. Nd2 Nc6 4. c3 e5 5. Bb5 exd4 6. cxd4 Bd7 7. Ngf3 a6 8. Ba4
Nb4 9. O-O dxe4 10. Nxe4 Be7 11. Ne5 c6 12. Bb3 Nd5 13. Qf3 Be6 14. Qg3 g6 15.
Nc5 Bxc5 16. dxc5 Nge7 17. Nc4 O-O 18. Qe5 Nf5 19. g4 Ng7 20. Bh6 Qf6 21. Qg3
Qd4 22. h3 f5 23. Rad1 Qf6 24. g5 Qe7 25. Qe5 f4 26. Bxg7 Rf5 27. Bf6 Nxf6 28.
gxf6 Qf7 29. Qd4 f3 30. Nd6 Qxf6 31. Nxf5 1-0

[Event "Frankfurt Ch A 2015"]
[Site "Ffm-Höchst, BiKuZ"]
[Date "2015.06.08"]
[Round "6.34"]
[White "Rutsatz, Mario"]
[Black "Schlumbohm, Nils"]
[Result "1-0"]
[WhiteElo "1917"]
[BlackElo "1549"]
[PlyCount "51"]
[EventDate "2015.??.??"]
[WhiteTeam "SF Frankfurt"]
[BlackTeam "TSG Nieder-Erlenbach"]

1. d4 d5 2. c4 e6 3. Nc3 Nf6 4. cxd5 exd5 5. Bg5 Be7 6. e3 O-O 7. Bd3 c6 8. Qc2
Nbd7 9. Nge2 h6 10. Bh4 Re8 11. f3 c5 12. O-O c4 13. Bf5 Nf8 14. Bxc8 Rxc8 15.
Rad1 g5 16. Bg3 Bd6 17. e4 Nh5 18. Bxd6 Qxd6 19. Nxd5 Ng6 20. Ne3 b5 21. Nf5
Qf8 22. Nc3 b4 23. Nd5 b3 24. axb3 cxb3 25. Qxb3 Nhf4 26. Nf6+ 1-0

[Event "Frankfurt Ch A 2015"]
[Site "Ffm-Höchst, BiKuZ"]
[Date "2015.06.08"]
[Round "6.35"]
[White "Kolker, Vladislav"]
[Black "Mehl, Ulrich"]
[Result "1-0"]
[WhiteElo "1908"]
[BlackElo "1571"]
[PlyCount "119"]
[EventDate "2015.??.??"]
[WhiteTeam "SC Bad Nauheim"]
[BlackTeam "TSG Nieder-Erlenbach"]

1. e4 c6 2. Nf3 d5 3. exd5 cxd5 4. Ne5 Nc6 5. d4 Nf6 6. c3 e6 7. Bd3 Bd6 8. f4
O-O 9. Qe2 Ne8 10. O-O g6 11. Nd2 Ng7 12. Ndf3 Qe7 13. Bd2 Bd7 14. Rae1 Rae8
15. Kh1 Bc8 16. Bc2 Qc7 17. Qd3 Nxe5 18. dxe5 Bc5 19. Nd4 a6 20. g4 Bd7 21. Bb1
f5 22. g5 Kf7 23. Rf3 Rh8 24. Rh3 Nh5 25. Rg1 Bb6 26. Qf3 Ng7 27. Bd3 Rc8 28.
Be3 Ne8 29. Be2 Bxd4 30. Bxd4 Qa5 31. a3 Bb5 32. Bd1 Nc7 33. Qf2 Na8 34. Bc2
Bc6 35. Rhg3 Nc7 36. a4 Na8 37. h4 Qd8 38. h5 Qd7 39. b3 b5 40. a5 Qe7 41. b4
Nc7 42. Rh3 Qf8 43. Qh2 Qg7 44. Rgg3 Rcg8 45. Kg1 Ke7 46. hxg6 hxg6 47. Rh6
Rxh6 48. gxh6 Qf7 49. Qh4+ Ke8 50. Qg5 Qe7 51. Bb6 Qxg5 52. Rxg5 Kd7 53. Kf2
Kc8 54. Bd1 Bd7 55. Ke3 Be8 56. Bh5 Na8 57. Bc5 Kd7 58. Bd6 Nc7 59. Kd4 Kc6 60.
Be7 1-0

[Event "Frankfurt Ch A 2015"]
[Site "Ffm-Höchst, BiKuZ"]
[Date "2015.06.08"]
[Round "6.37"]
[White "Schmitt, Roland"]
[Black "Jähnert, Wolfgang"]
[Result "1-0"]
[WhiteElo "1884"]
[BlackElo "1557"]
[PlyCount "98"]
[EventDate "2015.??.??"]
[WhiteTeam "SK Großsachsen"]
[BlackTeam "SC Nidderau"]

1. e4 c5 2. Nf3 d5 3. e5 g6 4. c3 Bg7 5. d4 cxd4 6. cxd4 Nc6 7. Bd3 Bd7 8. Nc3
e6 9. O-O a6 10. a4 Nge7 11. Bg5 Qb6 12. Ne2 Rc8 13. Rc1 Na5 14. Rxc8+ Bxc8 15.
Qc2 Bd7 16. Rc1 Nac6 17. Qd2 Qb4 18. Qf4 h6 19. Bf6 Bxf6 20. exf6 g5 21. Nxg5
hxg5 22. Qxg5 Rg8 23. Qe3 Ng6 24. g3 Qd6 25. Kh1 Nd8 26. f4 Nf8 27. b3 Bc6 28.
Ng1 Nd7 29. Nf3 Nxf6 30. Ne5 Ng4 31. Qe2 Nxe5 32. Qxe5 Kd7 33. Qe1 Qa3 34. Qc3
Qd6 35. Ra1 Ke7 36. b4 e5 37. b5 exf4 38. Re1+ Ne6 39. bxc6 fxg3 40. cxb7 Rh8
41. Qc5 Kd7 42. Qxd6+ Kxd6 43. Rc1 Nc7 44. Rb1 Rb8 45. h4 Ne6 46. Bxa6 Nxd4 47.
Kg2 Nf5 48. h5 Kc5 49. a5 Kd4 1-0

[Event "Frankfurt Ch A 2015"]
[Site "Ffm-Höchst, BiKuZ"]
[Date "2015.06.08"]
[Round "6.38"]
[White "Raquet, Helmut"]
[Black "Mahnke, Ralf"]
[Result "1/2-1/2"]
[WhiteElo "1644"]
[BlackElo "1873"]
[PlyCount "89"]
[EventDate "2015.??.??"]
[WhiteTeam "SC Nied"]
[BlackTeam "SC Nidderau"]

1. d4 d5 2. c4 e6 3. Nc3 Nf6 4. Bg5 Nbd7 5. e3 c6 6. Nf3 Qa5 7. Bxf6 Nxf6 8.
Nd2 Bb4 9. Qc2 O-O 10. Bd3 Bd7 11. O-O c5 12. a3 Bxc3 13. bxc3 cxd4 14. cxd4
Rfc8 15. Qb2 Rab8 16. Rfc1 Qd8 17. Qb4 dxc4 18. Rxc4 Bc6 19. Rac1 h6 20. Be2
Qd7 21. Qb2 b6 22. Bf3 Bd5 23. Bxd5 Nxd5 24. Nf3 Rxc4 25. Rxc4 Rc8 26. Qc2 Rxc4
27. Qxc4 f6 28. h3 Qc7 29. Qa4 Kf7 30. Qa6 Nc3 31. Qd3 a5 32. Qh7 Qb8 33. Nh4
Qg8 34. Qd3 Nd5 35. Qg6+ Ke7 36. Qc2 Qd8 37. Qg6 Qg8 38. Qd3 f5 39. Ng6+ Kf6
40. Ne5 Qc8 41. Qb5 Ke7 42. h4 Qc7 43. Nc6+ Kd6 44. Ne5 Ke7 45. Nc6+ 1/2-1/2

[Event "Frankfurt Ch A 2015"]
[Site "Ffm-Höchst, BiKuZ"]
[Date "2015.06.08"]
[Round "6.39"]
[White "Laufenburg, Frank"]
[Black "Achtmann, Armin"]
[Result "0-1"]
[WhiteElo "1595"]
[BlackElo "1861"]
[PlyCount "52"]
[EventDate "2015.??.??"]
[WhiteTeam "SC Bergen-Enkheim"]
[BlackTeam "TuS Dotzheim"]

1. Nf3 f5 2. d4 Nf6 3. g3 e6 4. Bg5 d5 5. e3 Bd6 6. c4 c6 7. Bxf6 Qxf6 8. cxd5
exd5 9. Bd3 Be6 10. O-O Nd7 11. Nc3 g5 12. Ne1 h5 13. f4 h4 14. Qf3 hxg3 15.
hxg3 gxf4 16. gxf4 O-O-O 17. Rf2 Qh4 18. Kf1 Bf7 19. Rg2 Rdg8 20. Rxg8+ Rxg8
21. Qf2 Qh3+ 22. Ke2 Be7 23. Kd2 Bh5 24. Be2 Bxe2 25. Nxe2 Bh4 26. Ng1 Qh1 0-1

[Event "Frankfurt Ch A 2015"]
[Site "Ffm-Höchst, BiKuZ"]
[Date "2015.06.08"]
[Round "6.40"]
[White "Bittner, Peter"]
[Black "Münstermann, Matthias"]
[Result "1-0"]
[WhiteElo "1814"]
[BlackElo "1532"]
[PlyCount "75"]
[EventDate "2015.??.??"]
[WhiteTeam "SC Nied"]
[BlackTeam "SK Langen"]

1. e4 e5 2. Nf3 Nc6 3. Bb5 a6 4. Ba4 Nf6 5. O-O d6 6. Re1 Be7 7. c3 O-O 8. h3
b5 9. Bc2 Na5 10. d4 Nd7 11. Nbd2 c5 12. d5 Nb6 13. Nf1 f5 14. exf5 Bxf5 15.
Ne3 Bxc2 16. Nxc2 Nd7 17. Ne3 Nb7 18. Bd2 Nf6 19. Ng5 Qc8 20. Ne6 Rf7 21. Rf1
Nd8 22. Ng5 Rf8 23. f4 h6 24. fxe5 dxe5 25. Nf3 Bd6 26. Nh4 Nf7 27. Nef5 Qc7
28. Ng6 Rfe8 29. Be1 Nh8 30. Nxh8 Kxh8 31. Nxh6 gxh6 32. Rxf6 Bf8 33. d6 Qg7
34. Bh4 Rad8 35. Qh5 e4 36. Rg6 Re5 37. Qg4 h5 38. Qg3 1-0

[Event "Frankfurt Ch A 2015"]
[Site "Ffm-Höchst, BiKuZ"]
[Date "2015.06.08"]
[Round "6.41"]
[White "Imelmann, Esther"]
[Black "Barisch, Florian"]
[Result "0-1"]
[WhiteElo "1590"]
[BlackElo "1789"]
[PlyCount "74"]
[EventDate "2015.??.??"]
[WhiteTeam "Vorw.Orient Mainz"]
[BlackTeam "SC Butzbach"]

1. d4 Nf6 2. c4 g6 3. Nc3 Bg7 4. e4 d6 5. Bd3 O-O 6. h3 Nbd7 7. Be3 e5 8. d5 a5
9. Nge2 Nc5 10. Bc2 b6 11. g4 Ne8 12. Ng3 Ba6 13. b3 Bc8 14. Qd2 Bd7 15. Bh6 f6
16. Be3 Rb8 17. Qe2 Qc8 18. f3 Qd8 19. h4 Rf7 20. h5 g5 21. Bd2 h6 22. Nd1 Bf8
23. a4 Ng7 24. Ne3 Bc8 25. Qg2 Bb7 26. Ngf5 Nxf5 27. Nxf5 Ra8 28. O-O-O Ra7 29.
Kb2 Qb8 30. Ka2 Ba8 31. Bc3 Rd7 32. Rhe1 Rd8 33. Rf1 Qb7 34. Ng3 Qa6 35. Nf5
Bb7 36. Ng3 Bc8 37. Ne2 Rb7 $138 0-1

[Event "Frankfurt Ch A 2015"]
[Site "Ffm-Höchst, BiKuZ"]
[Date "2015.06.08"]
[Round "6.42"]
[White "Lanz, Jürgen"]
[Black "Liebske, Reiner"]
[Result "0-1"]
[WhiteElo "1526"]
[BlackElo "1771"]
[PlyCount "62"]
[EventDate "2015.??.??"]
[WhiteTeam "SC Hattersheim"]
[BlackTeam "SV Frankfurt Nord"]

1. d4 Nf6 2. c4 e6 3. g3 d5 4. Nf3 Nbd7 5. Qc2 b6 6. Bg2 Bb7 7. O-O Be7 8. Rd1
O-O 9. cxd5 Nxd5 10. Nc3 Nb4 11. Qb3 Nf6 12. a3 Nbd5 13. Qc2 a6 14. Bg5 h6 15.
Bxf6 Bxf6 16. Rac1 Rc8 17. e4 Nxc3 18. bxc3 Be7 19. Ra1 c6 20. Ne5 Qc7 21. Nd3
Rfd8 22. Qb3 c5 23. Nf4 cxd4 24. cxd4 b5 25. Ne2 Qc2 26. Qxc2 Rxc2 27. Kf1 Rdc8
28. d5 exd5 29. exd5 Bf6 30. Nd4 R2c5 31. Nf5 Rd8 0-1

[Event "Frankfurt Ch A 2015"]
[Site "Ffm-Höchst, BiKuZ"]
[Date "2015.06.08"]
[Round "6.43"]
[White "Richter, Wolfram"]
[Black "Weiland, Thomas"]
[Result "0-1"]
[WhiteElo "1521"]
[BlackElo "1756"]
[PlyCount "84"]
[EventDate "2015.??.??"]
[WhiteTeam "SK Bad Sooden-Allendorf"]
[BlackTeam "SV Oberursel"]

1. Nf3 f5 2. c4 Nf6 3. Nc3 g6 4. d3 Bg7 5. g3 d6 6. Bg2 c6 7. O-O O-O 8. Re1 e5
9. Bg5 Nbd7 10. e4 fxe4 11. dxe4 Qc7 12. Rc1 Rd8 13. Re2 Nf8 14. Rd2 Ne6 15.
Nd5 cxd5 16. cxd5 Qe7 17. dxe6 Bxe6 18. Rc3 Rd7 19. Bh4 h6 20. Rcd3 Rad8 21. b3
g5 22. Nxg5 hxg5 23. Bxg5 Bf8 24. Kh1 Qg7 25. f4 Be7 26. Bf3 Ne8 27. f5 Bf7 28.
Be3 b6 29. Rg2 Rc7 30. Qd2 Rdc8 31. h4 Qh7 32. Qd1 Nf6 33. Rh2 d5 34. exd5 Bd6
35. Be4 Bh5 36. g4 Nxe4 37. gxh5 Ng3+ 38. Kg1 e4 39. Rd4 Nxf5 40. Rg2+ Rg7 41.
Bg5 Nxd4 42. Qxd4 Bc5 0-1

[Event "Frankfurt Ch A 2015"]
[Site "Ffm-Höchst, BiKuZ"]
[Date "2015.06.08"]
[Round "6.44"]
[White "Schellen, Sven"]
[Black "Lessmann, Sven"]
[Result "1-0"]
[WhiteElo "1729"]
[BlackElo "1482"]
[PlyCount "83"]
[EventDate "2015.??.??"]
[WhiteTeam "SF Frankfurt"]
[BlackTeam "SC Bad Soden"]

1. d4 Nf6 2. c4 g6 3. Nc3 Bg7 4. Nf3 O-O 5. Bf4 d6 6. e3 Nbd7 7. Be2 Nh5 8. Bg5
h6 9. Bh4 g5 10. Nd2 Nhf6 11. Bg3 e5 12. d5 a5 13. h4 Nh7 14. Bd3 f5 15. hxg5
Nxg5 16. Bh4 e4 17. Be2 Ne5 18. f4 exf3 19. Nxf3 Nexf3+ 20. gxf3 Qe7 21. f4
Qxe3 22. fxg5 hxg5 23. Bf2 Bxc3+ 24. bxc3 Qxc3+ 25. Kf1 f4 26. Bd4 Bh3+ 27.
Rxh3 Qxh3+ 28. Ke1 Qh1+ 29. Kd2 Qe4 30. Kc3 f3 31. Bd3 Qe7 32. Qh1 Rf6 33. Re1
Qg7 34. Re6 Raf8 35. a4 g4 36. Qh4 g3 37. Bxf6 Rxf6 38. Qxf6 Qxf6+ 39. Rxf6 g2
40. Rg6+ Kf7 41. Rg3 Kf6 42. Rxf3+ 1-0

[Event "Frankfurt Ch A 2015"]
[Site "Ffm-Höchst, BiKuZ"]
[Date "2015.06.08"]
[Round "6.45"]
[White "Viol, Julius"]
[Black "Wich, Manuela"]
[Result "1/2-1/2"]
[WhiteElo "1683"]
[BlackElo "1441"]
[PlyCount "34"]
[EventDate "2015.??.??"]
[WhiteTeam "FC Bierstadt"]
[BlackTeam "SF Friedberg"]

1. d4 Nf6 2. c4 e6 3. Nf3 b6 4. g3 Bb7 5. Bg2 d5 6. O-O dxc4 7. Nbd2 b5 8. a4
a6 9. Re1 Bb4 10. e3 O-O 11. Qc2 Nc6 12. b3 cxb3 13. Qxb3 Nd5 14. Bb2 Na5 15.
Qc2 Rc8 16. Ba3 c5 17. Qb1 Bc3 1/2-1/2

[Event "Frankfurt Ch A 2015"]
[Site "Ffm-Höchst, BiKuZ"]
[Date "2015.06.08"]
[Round "6.46"]
[White "Neubauer, Robert"]
[Black "Bernhardt, Winfried"]
[Result "1-0"]
[WhiteElo "1670"]
[BlackElo "1385"]
[PlyCount "117"]
[EventDate "2015.??.??"]
[WhiteTeam "SK Bad Homburg"]
[BlackTeam "SV Nauheim"]

1. e4 e5 2. Nf3 d6 3. d4 exd4 4. Nxd4 Be7 5. Bc4 Nf6 6. Nc3 c6 7. O-O O-O 8.
Bf4 b5 9. Ndxb5 cxb5 10. Bd5 Nxd5 11. Qxd5 Qb6 12. Qxa8 Bb7 13. Be3 Bxa8 14.
Bxb6 axb6 15. Rfe1 Bc6 16. Nd5 Bd8 17. Rad1 Re8 18. f4 Re6 19. Kf2 Nd7 20. f5
Re5 21. Nb4 Bxe4 22. Rxd6 Re7 23. Nd5 Bxd5 24. Rxe7 Bxe7 25. Rxd7 Bc5+ 26. Kg3
Be4 27. Rd8+ Bf8 28. Rb8 Bxf5 29. Rxb6 Bxc2 30. Rxb5 Bd6+ 31. Kf2 g6 32. h3 Kg7
33. b3 Be7 34. a4 Kf6 35. a5 Ke6 36. a6 Be4 37. b4 Bc6 38. Rb6 Kd7 39. a7 Bd5
40. Rb8 Kc7 41. a8=Q Bxa8 42. Rxa8 Kb7 43. Rh8 h5 44. Rh7 Bxb4 45. Rxf7+ Kc6
46. Rf6+ Kd5 47. Rxg6 Bc5+ 48. Kf3 h4 49. Rg5+ Kd6 50. Rxc5 Kxc5 51. Kg4 Kd6
52. Kxh4 Ke6 53. Kh5 Kf7 54. Kh6 Kg8 55. g4 Kh8 56. g5 Kg8 57. g6 Kh8 58. g7+
Kg8 59. h4 1-0

[Event "Frankfurt Ch A 2015"]
[Site "Ffm-Höchst, BiKuZ"]
[Date "2015.06.08"]
[Round "6.47"]
[White "Thomsen, Walter Matias"]
[Black "Popp, Matthias"]
[Result "1/2-1/2"]
[WhiteElo "1418"]
[BlackElo "1522"]
[PlyCount "66"]
[EventDate "2015.??.??"]
[WhiteTeam "SC Bad Soden"]
[BlackTeam "SC Bergen-Enkheim"]

1. d4 Nf6 2. Nf3 d6 3. Bf4 g6 4. e3 Bg7 5. Nbd2 O-O 6. h3 c6 7. Bd3 Nbd7 8. c3
Nd5 9. Bg5 b5 10. a4 bxa4 11. Rxa4 N7b6 12. Ra1 Qc7 13. O-O e5 14. dxe5 dxe5
15. e4 Nf4 16. Bxf4 exf4 17. Re1 Nd7 18. Qc2 Ne5 19. Nxe5 Qxe5 20. Ba6 Bxa6 21.
Rxa6 Qc5 22. Rea1 Rfb8 23. R1a5 Qd6 24. Nc4 Qc7 25. Qa4 Rb7 26. Rxc6 Qe7 27.
Qc2 Rab8 28. b4 h5 29. Nd6 Rd7 30. Rd5 Rbd8 31. Nc8 Qe8 32. Nd6 Qe7 33. Nc8 Qe8
1/2-1/2

[Event "Frankfurt Ch A 2015"]
[Site "Ffm-Höchst, BiKuZ"]
[Date "2015.06.08"]
[Round "6.48"]
[White "Witt, Holger"]
[Black "Müller, Mark"]
[Result "0-1"]
[WhiteElo "1506"]
[BlackElo "1733"]
[PlyCount "52"]
[EventDate "2015.??.??"]
[WhiteTeam "SC Viernheim"]
[BlackTeam "SC Diez"]

1. d4 Nf6 2. Bg5 g6 3. Bxf6 exf6 4. c4 Bg7 5. e3 c5 6. Nf3 O-O 7. Nc3 Qb6 8.
Qd2 cxd4 9. Nxd4 a6 10. Nd5 Qd8 11. Be2 Nc6 12. O-O Ne7 13. Bf3 Nxd5 14. Bxd5
Rb8 15. a4 b6 16. Rfd1 Re8 17. Rac1 Bf8 18. b3 a5 19. Bxf7+ Kxf7 20. Nc6 Qc7
21. Nxb8 Qxb8 22. Qd5+ Kg7 23. Qf3 Qc7 24. Qg3 Re5 25. Rd5 Bd6 26. Rcd1 Rxd5
0-1